000 00703nam a2200181 i 4500
001 187960
003 ES-MaACL
005 20231227175055.0
008 180402s1946 sp |||| | spa d
245 0 0 _aConferencias pronunciadas durante el curso 1945-46 /
_cpor los señores Juan de Contreras y López de Ayala...[et al.].
260 _aMadrid :
_bMinisterio de Asuntos Exteriores, Escuela Diplomática,
_c1946.
300 _a276 p. ;
_c24 cm.
651 4 _aEspaña-
_xHistoria.
_98209
700 1 _aLozoya, Juan de Contreras y López de Ayala,
_cMarqués de,
_d1893-1978
_9129112
710 0 _aEscuela Diplomática (España)
_93563
852 _aES-MaACL
_jB-13893
999 _c187960
_d187960